[Event "Oceania zt 3.6"]
[Site "Melbourne"]
[Date "2023.01.24"]
[Round "3"]
[White "Anderson, Brendan"]
[Black "Renjith, Sravan"]
[Result "1-0"]
[WhiteElo "1926"]
[BlackElo "2172"]
[PlyCount "55"]
[EventDate "2023.01.23"]
[EventType "swiss"]
[EventRounds "9"]
[EventCountry "AUS"]
[SourceTitle "CBM 212 Extra"]
[Source "ChessBase"]
[SourceDate "2023.03.31"]
[SourceVersion "1"]
[SourceVersionDate "2023.03.31"]
[SourceQuality "1"]

1. d4 d5 2. c4 e6 3. Nc3 c5 4. cxd5 exd5 5. Nf3 Nc6 6. g3 Nf6 7. Bg2 Be7 8. 0-0 0-0 9. dxc5 Bxc5 10. Bg5 d4 11. Bxf6 Qxf6 12. Ne4 Qe7 13. Nxc5 Qxc5 14. Qd2 Be6 15. b4 Qb6 16. Rab1 Rfd8 17. Rfd1 a6 18. a4 Rac8 19. b5 axb5 20. Rxb5 Qa6 21. Qb2 Rc7 22. Rb1 Bc8 23. Rc5 d3 24. exd3 Qxa4 25. Ra1 Qg4 26. Rg5 f6 27. Rxg4 Bxg4 28. h3 1-0

[Event "Sydney NSW op"]
[Site "Sydney"]
[Date "2022.06.12"]
[Round "5"]
[White "Rodgers, Jack"]
[Black "Anderson, Brendan"]
[Result "1-0"]
[WhiteElo "2075"]
[BlackElo "1835"]
[PlyCount "87"]
[EventDate "2022.06.11"]
[EventType "swiss"]
[EventRounds "7"]
[EventCountry "AUS"]
[SourceTitle "CBM 208 Extra"]
[Source "ChessBase"]
[SourceDate "2022.07.31"]
[SourceVersion "1"]
[SourceVersionDate "2022.07.31"]
[SourceQuality "1"]

1. c4 c6 2. Nc3 d5 3. d4 Nf6 4. Nf3 e6 5. Bg5 h6 6. Bxf6 Qxf6 7. e3 Nd7 8. Qc2 g6 9. a3 Bg7 10. Be2 0-0 11. 0-0 dxc4 12. Bxc4 e5 13. dxe5 Nxe5 14. Nxe5 Qxe5 15. Qxg6 Qc5 16. Ba2 Qf5 17. Qxf5 Bxf5 18. Rfd1 Rad8 19. Kf1 b5 20. Ke2 a5 21. Rac1 b4 22. Na4 b3 23. Bxb3 Rb8 24. Bc2 Be6 25. Rd2 h5 26. Be4 Bd5 27. Bxd5 cxd5 28. Rc5 d4 29. exd4 Rfe8+ 30. Kd1 Re4 31. Rxh5 Bxd4 32. f3 Re5 33. Rxe5 Bxe5 34. g3 Rc8 35. Rd5 Bc7 36. Rc5 Rd8+ 37. Kc2 Rd7 38. b4 axb4 39. axb4 Bd6 40. Rc4 Rb7 41. Nc5 Rxb4 42. Rxb4 Bxc5 43. Rg4+ Kh7 44. Kd3 1-0

[Event "AUS-ch Major"]
[Site "Sydney"]
[Date "2020.01.12"]
[Round "10"]
[White "Anderson, Brendan"]
[Black "Chen, Henry"]
[Result "1/2-1/2"]
[WhiteElo "1664"]
[BlackElo "1430"]
[PlyCount "35"]
[EventDate "2020.01.02"]
[EventType "swiss"]
[EventRounds "11"]
[EventCountry "AUS"]
[SourceTitle "EXT 2021"]
[Source "ChessBase"]
[SourceDate "2020.10.23"]
[SourceVersion "1"]
[SourceVersionDate "2020.10.23"]
[SourceQuality "1"]

1. d4 Nf6 2. Bg5 g6 3. Bxf6 exf6 4. e3 Bg7 5. c4 c5 6. g3 cxd4 7. exd4 0-0 8. Bg2 Nc6 9. Ne2 f5 10. Qd2 Qf6 11. Nbc3 Nxd4 12. Nd5 Qe5 13. f4 Qxe2+ 14. Qxe2 Nxe2 15. Kxe2 Bxb2 16. Rab1 Bd4 17. Nc7 Rb8 18. Na6 1/2-1/2

[Event "AUS-ch Major"]
[Site "Sydney"]
[Date "2020.01.02"]
[Round "1"]
[White "O'Rourke, Kevin"]
[Black "Anderson, Brendan"]
[Result "0-1"]
[WhiteElo "1357"]
[BlackElo "1664"]
[PlyCount "68"]
[EventDate "2020.01.02"]
[EventType "swiss"]
[EventRounds "11"]
[EventCountry "AUS"]
[SourceTitle "EXT 2021"]
[Source "ChessBase"]
[SourceDate "2020.10.23"]
[SourceVersion "1"]
[SourceVersionDate "2020.10.23"]
[SourceQuality "1"]

1. d4 d5 2. c4 c6 3. Nc3 Nf6 4. e3 Qb6 5. Qc2 Bg4 6. f3 Bh5 7. b3 e6 8. Bd3 c5 9. Nge2 Nc6 10. cxd5 exd5 11. Nf4 cxd4 12. Ncxd5 Nxd5 13. Nxd5 Qa5+ 14. b4 Qxd5 15. Be4 Bxb4+ 16. Bd2 Bxd2+ 17. Qxd2 Qd7 18. 0-0 0-0 19. Rfd1 Bg6 20. Bxg6 hxg6 21. exd4 Rfd8 22. d5 Ne7 23. Rac1 Nxd5 24. Rc5 Nf6 25. Qxd7 Rxd7 26. Rdc1 Rad8 27. R1c2 Kf8 28. Kf2 Rd2+ 29. Rxd2 Rxd2+ 30. Kg3 Rxa2 31. Rc7 Rb2 32. h4 a5 33. Kh3 a4 34. g3 Rb5 0-1